| 000 | 03610nas1a2200685 i 4500 | ||
|---|---|---|---|
| 001 | RU\NLR\DRGNLR\2371 | ||
| 005 | 20240725031058.0 | ||
| 035 | _a(NLR Aleph) 010310943 | ||
| 090 |
_a10636904 _c10636904 |
||
| 100 | _a20080514b18821906u y0rusy50 ca | ||
| 101 | 0 | _arus | |
| 102 | _aRU | ||
| 110 | _acya|||||||| | ||
| 200 | 1 |
_aКрым _eГаз. полит., обществ., лит. и науч. _fРед.-изд. М.М.Эйдлин |
|
| 207 | 1 | _a1882, 1 окт. - 1906, 4 марта | |
| 210 |
_aСимферополь _d1882 - 1906 |
||
| 300 | _aПерерыв в изд.: 1894, 14 сент. - 1895, 31 сент.; 1905, 11 сент. - 9 нояб | ||
| 311 | _aС 5 марта 1906 взамен изд. газ. "Новый Крым" (см. ) | ||
| 430 | 0 |
_12001#$aСевастопольский справочный листок _tСевастопольский справочный листок |
|
| 430 | 0 |
_12001#$aСевастопольский листок _tСевастопольский листок |
|
| 488 | 0 |
_12001#$aНовый Крым _tНовый Крым |
|
| 540 | 1 | _aКрым | |
| 620 |
_aРоссия _dСевастополь |
||
| 702 | 1 |
_aЭйдлин _bМ.М. _gМордух Меерович _4340 |
|
| 801 | 0 |
_aRU _bNLR _c20080514 _gPSBO _2gzdor_isis |
|
| 801 | 2 |
_aRU _bNLR _c20080514 _gPSBO _2rusmarc |
|
| 852 |
_aNLR _j1-Р/2-303 |
||
| 942 | _cNEWSPAPER | ||
| 980 | _aDRG | ||
| 981 | 4 | 8 | _a(48) Крым: история в документах |